000 00330nam a2200145Ia 4500
003 GCL
008 140319s9999 xx 000 0 eng d
040 _aGCL /
_cGCL
082 0 4 _aVIDEO
_b166
245 1 0 _aHONEY MOON IN VEGAS
260 _a[S.N] :
_bNONE
650 0 4 _aMOTION PICTURES
650 0 4 _aVIDEO TAPES
942 _2ddc
_cBK
999 _c18754
_d18754